|
|
|
|
| LEADER |
01344nam a2200277 i 4500 |
| 003 |
GR-PaULI |
| 005 |
20230120132400.0 |
| 008 |
190930s1962 gr g 000 1 gre d |
| 952 |
|
|
|0 0
|1 0
|2 ddc
|4 0
|6 843_914000000000000_EXB
|7 0
|9 235628
|a LISP
|b LISP
|c BSC
|d 2019-09-30
|i 141411
|l 1
|m 1
|o 843.914 EXB
|p 025000265078
|r 2024-01-29 00:00:00
|s 2023-12-04
|t 1
|v 2019.00
|w 2019-09-30
|y BK15
|
| 999 |
|
|
|c 142743
|d 142743
|
| 040 |
|
|
|a GR-PaULI
|b gre
|c GR-PaULI
|e AACR2
|
| 041 |
1 |
|
|a gre
|h fre
|
| 082 |
0 |
4 |
|a 843.914
|2 23
|
| 100 |
1 |
|
|a Exbrayat, Charles,
|d 1909-1989
|e συγγραφέας
|9 111426
|
| 240 |
1 |
4 |
|a Les plus beau des Versalliers /
|l French
|
| 245 |
1 |
0 |
|a Τρεις κούκλες απ'το Πιεμόντε /
|c Σαρλ Εσπράγια ; μετάφραση Στ. Βουρδουμπά.
|
| 250 |
|
|
|a 1η εκδ.
|
| 260 |
|
|
|a Πειραιάς :
|b Λυχνάρι,
|c 1962.
|
| 300 |
|
|
|a 155 σέλ.;
|c 19 έκ.
|
| 490 |
|
|
|a Βιβλιοθήκη Αστυνομικής Φιλολογίας, ΛΥΧΝΑΡΙ
|
| 500 |
|
|
|a 155 σέλ.
|
| 650 |
|
4 |
|a Λογοτεχνία
|x Αστυνομική
|y 1945-1999
|z Γαλλική
|9 4062
|
| 700 |
|
|
|a Βουρδουμπά, Στέλλα
|e μεταφράστρια
|9 61539
|
| 830 |
|
|
|a Βιβλιοθήκη αστυνομικής φιλολογίας ( Λυχνάρι)
|9 178067
|
| 942 |
|
|
|2 ddc
|c BK15
|
| 998 |
|
|
|c Σαλαμούρα
|d 2019-09
|